00543nam a22001697a 450000500170000001000130001702000260003003500110005603700130006708200110008010000260009124500560011724600400017326000520021327000870026530000210035220190621145756.0 aUR-10229 c400.00a9789388105460 aU-8784 bDBAD/PUB a840.44 aا ما م ا عظم  aگيسو ۓ ا سلو ب cا ما م ا عظم  bGesu-e-Asloob (Urdu)aby Imam Azam a DelhibEducational Publishing Housec2018 ء  a3191،Vakil Street,Kucha Pandit,Lal Kuan,bDelhie110006k23216162l00911123211540 a288صc22 Cm(Hb)